| 000 | 00000nas 2200000za 4500 |
| 001 | 9.502150 |
| 003 | CaOODSP |
| 005 | 20240131103310 |
| 007 | cr ||||||||||| |
| 008 | 150406d19952009xxc|| p o||||f| |0fre|d |
| 040 | |aCaOODSP|bfre |
| 043 | |an-cn--- |
| 086 | 1 |aEn151-4F-PDF |
| 110 | 1 |aCanada. |bEnvironnement Canada. |bRégion du Québec, |eauteur, |eorganisme de publication. |
| 245 | 10|aPlan Saint-Laurent pour un développement durable - rapport biennal / |cBureau de coordination du Plan Saint-Laurent. |
| 246 | 1 |iTitre alternatif : |aSaint-Laurent vision 2000 - rapport biennal |
| 264 | 1|aQuébec, Québec : |bEnvironnement Canada |
| 310 | |aBiennal |
| 362 | 1 |aNe paraît plus après 2007-2009. |
| 500 | |aNon publié 2003/2005? |
| 691 | 07|aDéveloppement durable|2gcpds |
| 691 | 07|aGestion de l'eau|2gcpds |
| 775 | 08|tSt. Lawrence Plan for a Sustainable Development - biennial report / |w(CaOODSP)9.505745 |